Sick building syndrome (Record no. 81059)

MARC details
000 -LEADER
fixed length control field 00973cab a22001935a 4500
001 - CONTROL NUMBER
control field L146160
008 - FIXED-LENGTH DATA ELEMENTS--GENERAL INFORMATION
fixed length control field 081212s2008 xxk f 000 0 eng d
035 ## - SYSTEM CONTROL NUMBER
System control number (Sirsi) u146160
041 0# - LANGUAGE CODE
Language code of text/sound track or separate title eng
100 1# - MAIN ENTRY--PERSONAL NAME
Personal name Rostron, A.
245 00 - TITLE STATEMENT
Title Sick building syndrome
Remainder of title a review of causes, consequences and remedies
260 ## - PUBLICATION, DISTRIBUTION, ETC.
Date of publication, distribution, etc. 2008
490 #0 - SERIES STATEMENT
Series statement Journal of Retail and Leisure Property
Volume/sequential designation 7(4) 2008, 291-303(13)
520 ## - SUMMARY, ETC.
Summary, etc. Discusses the causes, consequences and means of improving sick building syndrome (SBS). Reviews and analyses the potential causes of SBS in terms of heating and ventilation systems, temperature, indoor air pollutants, noise, lighting, hygrothermal factors and psychological factors. Offers a means of eliminating and/or reducing the effects of SBS by architectural design, mechanical and engineering design, maintenance policies and management techniques.
590 ## - LOCAL NOTE (RLIN)
Local note KA
651 #4 - SUBJECT ADDED ENTRY--GEOGRAPHIC NAME
Geographic name International
690 ## - LOCAL SUBJECT ADDED ENTRY--TOPICAL TERM (OCLC, RLIN)
Topical term or geographic name as entry element Health and safety
9 (RLIN) 6244
942 ## - ADDED ENTRY ELEMENTS (KOHA)
Suppress in OPAC 0
Holdings
Withdrawn status Lost status Source of classification or shelving scheme Damaged status Not for loan Home library Current library Shelving location Date acquired Total Checkouts Full call number Barcode Date last seen Copy number Price effective from Koha item type
    Dewey Decimal Classification     London London Journal article 12/12/2008   L146160 146160-1001 06/08/2019 1 06/08/2019 Journal article